Toulouse FC | Effectif Ligue 1 - 2024/2025 - Statistiques

Statistiques générales
  • Ce quiz a été pris 170 fois
  • Le résultat moyen est 18 sur 23
Statistiques - réponses
Poste Joueurs Nationalité Numéro % Correct
Gardien de but Guillaume Restes 50
99%
Défenseur Charlie Cresswell 4
91%
Attaquant Frank Magri 9
90%
Défenseur Gabriel Suazo 17
89%
Milieu de terrain Vincent Sierro 8
88%
Attaquant Zakaria Aboukhlal 7
88%
Milieu de terrain Cristian Cásseres Jr. 23
86%
Défenseur Mark McKenzie 3
85%
Défenseur Rasmus Nicolaisen 2
85%
Milieu de terrain Aron Dønnum 15
83%
Gardien de but Kjetil Haug 16
82%
Attaquant Joshua King 13
81%
Attaquant Shavy Babicka 80
81%
Attaquant Yann Gboho 10
79%
Milieu de terrain Niklas Schmidt 20
77%
Défenseur Djibril Sidibé 19
74%
Défenseur Warren Kamanzi 12
73%
Coach Carles Martínez Novell
72%
Défenseur Jaydee Canvot 29
59%
Défenseur Ümit Akdağ 6
57%
Milieu de terrain Miha Zajc 21
55%
Gardien de but Justin Lacombe 40
52%
Défenseur Ylies Aradj 26
24%
Aucun quiz correspondant
Distribution des résultats
% des personnes avec chaque résultat
Percentile par nombre de réponses
Votre historique - résultats
Vous n’avez pas pris ce quiz